Passings : (Record no. 90821)
[ view plain ]
| 000 -LEADER | |
|---|---|
| fixed length control field | 00833cam a22002894a 4500 |
| 001 - CONTROL NUMBER | |
| control field | 15930239 |
| 005 - DATE AND TIME OF LATEST TRANSACTION | |
| control field | 20170206102959.0 |
| 008 - FIXED-LENGTH DATA ELEMENTS--GENERAL INFORMATION | |
| fixed length control field | 091002s2010 cau b 000 0 eng |
| 020 ## - INTERNATIONAL STANDARD BOOK NUMBER | |
| International Standard Book Number | 9781595800480 |
| 020 ## - INTERNATIONAL STANDARD BOOK NUMBER | |
| International Standard Book Number | 1595800484 |
| 040 ## - CATALOGING SOURCE | |
| Transcribing agency | PK-LaUMT |
| 082 00 - DEWEY DECIMAL CLASSIFICATION NUMBER | |
| Classification number | 306.9 |
| Edition number | 22 |
| Item number | TRA-P |
| 100 1# - MAIN ENTRY--PERSONAL NAME | |
| Personal name | Travis-Henikoff, Carole A. |
| 245 10 - TITLE STATEMENT | |
| Title | Passings : |
| Remainder of title | death, dying, and unexplained phenomena / |
| Statement of responsibility, etc | Carole A. Travis-Henikoff ; forewarded by Garniss H. Curtis. |
| 260 ## - PUBLICATION, DISTRIBUTION, ETC. (IMPRINT) | |
| Place of publication, distribution, etc | Santa Monica, CA : |
| Name of publisher, distributor, etc | Santa Monica Press, |
| Date of publication, distribution, etc | 2010 |
| 300 ## - PHYSICAL DESCRIPTION | |
| Extent | 324 p. ; |
| Dimensions | 24 cm. |
| 650 #0 - SUBJECT ADDED ENTRY--TOPICAL TERM | |
| Topical term or geographic name as entry element | Death. |
| 650 #0 - SUBJECT ADDED ENTRY--TOPICAL TERM | |
| Topical term or geographic name as entry element | Death |
| General subdivision | Psychological aspects. |
| 650 12 - SUBJECT ADDED ENTRY--TOPICAL TERM | |
| Topical term or geographic name as entry element | Death |
| 650 12 - SUBJECT ADDED ENTRY--TOPICAL TERM | |
| Topical term or geographic name as entry element | Parapsychology |
| 650 12 - SUBJECT ADDED ENTRY--TOPICAL TERM | |
| Topical term or geographic name as entry element | Thanatology |
| 650 12 - SUBJECT ADDED ENTRY--TOPICAL TERM | |
| Topical term or geographic name as entry element | Attitude to Death |
| 650 22 - SUBJECT ADDED ENTRY--TOPICAL TERM | |
| Topical term or geographic name as entry element | Bereavement |
| 650 22 - SUBJECT ADDED ENTRY--TOPICAL TERM | |
| Topical term or geographic name as entry element | Telepathy |
| 700 1# - ADDED ENTRY--PERSONAL NAME | |
| Personal name | Curtis, Garniss. |
| 942 ## - ADDED ENTRY ELEMENTS (KOHA) | |
| Koha item type | Books |
| Withdrawn status | Lost status | Damaged status | Home library | Current library | Date acquired | Full call number | Barcode | Date last seen | Price effective from | Koha item type |
|---|---|---|---|---|---|---|---|---|---|---|
| UMT Main Campus | UMT Main Campus | 2017-02-06 | 306.9 TRA-P | 105349 | 2018-03-13 | 2017-02-06 | Books |
